Statistiques concernant Footballeurs en U et V (par images).

Cliquez ici pour prendre le quiz!

Statistiques générales

  • Ce quiz a été pris 246 fois
  • Le résultat moyen est 16 sur 20

Statistiques - réponses

Réponse% Correct
Patrick Vieira
100%
Marco Verratti
99%
Raphaël Varane
99%
Vinicius Jr
98%
Samuel Umtiti
97%
Virgil van Dijk
96%
Dayot Upamecano
93%
Arturo Vidal
92%
Robin Van Persie
88%
Jamie Vardy
87%
Víctor Valdés
83%
Edwin van der Sar
76%
Marco Van Basten
73%
David Villa
70%
Nemanja Vidić
66%
Antonio Valencia
59%
Ruud van Nistelrooy
57%
Juan Sebastián Verón
53%
Carlos Valderrama
46%
Christian Vieri
40%

Distribution des résultats

Percentile par nombre de réponses

% des personnes avec chaque résultat

Votre développement - résultats

Vous n’avez pas pris ce quiz